The Woman in White /

Đã lưu trong:
Bibliografiske detaljer
Hovedforfatter: Collins, Wilkie
Format: Sách giấy
Sprog:English
Udgivet: London : David Campbell, 1991
Tags: Tilføj Tag
Ingen Tags, Vær først til at tagge denne postø!
Thư viện lưu trữ: Thư viện Trường Đại học Đà Lạt
LEADER 00545nam a2200241 4500
001 DLU020000870
005 ##1/6/1999
020 # # |a 1-85715-018-X 
041 # # |a eng 
082 # # |a 823  |b CO-W 
100 # # |a Collins, Wilkie 
245 # # |a The Woman in White /  |c Wilkie Collins  
260 # # |a London :  |b David Campbell,  |c 1991 
300 # # |a , 609 tr.;  |c 21 cm. 
992 # # |a 30000 
994 # # |a DLU 
900 # # |a False 
911 # # |a Administrator 
925 # # |a G 
926 # # |a A 
927 # # |a SH 
980 # # |a Thư viện Trường Đại học Đà Lạt